Voces visuales de México = Visual voices of Mexico. (Record no. 9316)

MARC details
000 -CABECERA
campo de control de longitud fija 01158nam a2200265 a 4500
001 - NÚMERO DE CONTROL
campo de control BRL_504
005 - FECHA Y HORA DE LA ÚLTIMA TRANSACCIÓN
campo de control 20190320210755.0
008 - DATOS DE LONGITUD FIJA--INFORMACIÓN GENERAL
campo de control de longitud fija 230813s1999----mx-o######---#000-0#spa-#
020 ## - NÚMERO INTERNACIONAL ESTÁNDAR DEL LIBRO
Número Internacional Estándar del Libro 9688106305
041 ## - CÓDIGO DE LENGUA
Código de lengua del texto/banda sonora o título independiente spa
Código de lengua original eng
044 ## - CÓDIGO DEL PAÍS DE LA ENTIDAD EDITORA/PRODUCTORA
Código MARC del país mx
050 #4 - SIGNATURA TOPOGRÁFICA DE LA BIBLIOTECA DEL CONGRESO
Número de clasificación N6555
Número de documento/Ítem .V63 1999
245 10 - MENCIÓN DE TÍTULO
Título Voces visuales de México = Visual voices of Mexico.
260 ## - PUBLICACIÓN, DISTRIBUCIÓN, ETC.
Lugar de publicación, distribución, etc. México, D.F.
Nombre del editor, distribuidor, etc. Secretaría de Relaciones Exteriores, Instituto Mexicano de Cooperación Internacional
Fecha de publicación, distribución, etc. 1999
300 ## - DESCRIPCIÓN FÍSICA
Extensión 219 p.
Otras características físicas il. algunas a color.
Dimensiones 20 cm.
500 ## - NOTA GENERAL
Nota general Catálogo de la exposición celebrada en el Museo de Arte Latinoamericano en Long Beach , California desde noviembre de 1999 hasta febrero de 2000 en el Instituto Cultural de México en Washington , DC entre marzo y abril de 2000 y en el Centro Cultural Tijuana, Tijuana, Baja California, desde mayo hasta junio 2000.
500 ## - NOTA GENERAL
Nota general Ej.1 Au529, Ej.2 Au530
500 ## - NOTA GENERAL
Nota general La biblioteca cuenta con 2 ejemplares
650 14 - PUNTO DE ACCESO ADICIONAL DE MATERIA--TÉRMINO DE MATERIA
Término de materia o nombre geográfico como elemento de entrada Arte mexicano
Subdivisión de forma Exposiciones
9 (RLIN) 24127
650 14 - PUNTO DE ACCESO ADICIONAL DE MATERIA--TÉRMINO DE MATERIA
Término de materia o nombre geográfico como elemento de entrada Arte y símbolos cristianos
9 (RLIN) 24128
650 14 - PUNTO DE ACCESO ADICIONAL DE MATERIA--TÉRMINO DE MATERIA
Término de materia o nombre geográfico como elemento de entrada Muerte en el arte
9 (RLIN) 24129
740 0# - PUNTO DE ACCESO ADICIONAL--TÍTULO RELACIONADO O ANALÍTICO NO CONTROLADO
Título relacionado o analítico no controlado Visual voices of Mexico
902 ## - CATALOGADOR
Iniciales GRL
942 ## - ELEMENTOS DE PUNTO DE ACCESO ADICIONAL (KOHA)
Fuente del sistema de clasificación o colocación Library of Congress Classification
Tipo de ítem Koha Libros
Holdings
Estado de retiro Estado de pérdida Estado dañado No para préstamo Localización permanente Ubicación/localización actual Fecha de adquisición Total de préstamos Signatura topográfica completa Código de barras Fecha visto por última vez Precio válido a partir de Tipo de ítem Koha
El ejemplar forma parte de la colección y puede ser consultado según las políticas vigentes.       Biblioteca Centro de Estudios Ruth D. Lechuga Biblioteca Centro de Estudios Ruth D. Lechuga 23/08/2013   N6555 .V63 1999 GRL00553 22/03/2019 22/03/2019 Libros
El ejemplar forma parte de la colección y puede ser consultado según las políticas vigentes.       Biblioteca Centro de Estudios Ruth D. Lechuga Biblioteca Centro de Estudios Ruth D. Lechuga 23/08/2013   N6555 .V63 1999 GRL00554 22/03/2019 22/03/2019 Libros